French overseas military bases Map Quiz - Statistics

General Stats
  • This quiz has been taken 167 times
  • The average score is 10 of 13
Answers on the Map
Answers color-coded by a green-red scale on the quiz's map according to % correct below.
 
Answer Stats
Base name Answer % Correct
Air Base 188 ? Djibouti
83%
French Forces in ? Djibouti
83%
French Naval Base Djibouti
83%
5th Cuirassiers Regiment United Arab Emirates
73%
Air Base 104 Al Dahfra United Arab Emirates
73%
Naval Base United Arab Emirates
73%
Air Base 168 Abijan Côte d'Ivoire
71%
Port-Bouët Base Côte d'Ivoire
71%
Command and Support Battalion of the Franco-? Brigade Germany
71%
Geille District Senegal
69%
Protet District Senegal
69%
Air Base 175 Libreville Gabon
66%
De Gaulle Base Gabon
66%
No matching quizzes found
Score Distribution
Percent of People with Each Score
Percentile by Number Answered
Your Score History
You have not taken this quiz